000 01223nam a22002777a 4500
005 20121212141917.0
008 121212t xxu||||| |||| 00| 0 eng d
010 _aENG-106419
020 _a9788132107545
_c995.00
035 _aEN-89952
037 _bDBAD/PUB
040 _aDPL
_bEng
082 0 0 _a332.0415095
_223
245 0 0 _aCapital market reform in Asia :
_btowards developed and integrated markets in times of change /
_cedited by Masahiro Kawai [and] Andrew Sheng
260 _aNew Delhi
_bSAGE Publications
_c2012
270 _aB1/I-1 Mohan Cooperative Industrial Area Mathura Road
_bNew Delhi
_e110044
300 _axxvii,359p.
_c25cm(Hb)
500 _aIncludes bibliographical references and index.
650 0 _aCapital market
_zAsia.
_954237
650 0 _aFinance
_zAsia.
_954238
700 1 _aKawai, Masahiro,
_d1947-
_954239
700 1 _aSheng, Andrew.
_954240
942 _2ddc
_cEN
_h332.0415095
_mCAP
999 _c72088
_d72088